Organic Chmistry (Record no. 362)

MARC details
000 -LEADER
Fixed length control field 00483nam a2200193 4500
003 - CONTROL NUMBER IDENTIFIER
Control field SEACOMEC
005 - DATE AND TIME OF LATEST TRANSACTION
Control field 20231228161039.0
008 - FIXED-LENGTH DATA ELEMENTS--GENERAL INFORMATION
Fixed length control field 231228b |||||||| |||| 00| 0 eng d
020 ## - INTERNATIONAL STANDARD BOOK NUMBER / ISBN
Price Rs.395.00
040 ## - CATALOGING SOURCE
Original cataloging agency SEACOMEC
082 ## - DEWEY DECIMAL CLASSIFICATION NUMBER
Classification number 547
Book Number M881
100 ## - MAIN ENTRY--PERSONAL NAME
Personal name Morrison,Rsbent Thomson
245 1# - TITLE STATEMENT
Title Organic Chmistry
250 ## - EDITION STATEMENT
Edition statement 6th ed.
260 ## - IMPRINT
Place of publication New Delhi
Name of publisher Prentice Hall
Date of publication 2006
650 ## - SUBJECT ADDED ENTRY--TOPICAL TERM
Topical term Natural sciences,Organic chemistry
700 ## - ADDED ENTRY--PERSONAL NAME
Personal name Boyd,Robert Neilson
942 ## - ADDED ENTRY ELEMENTS (KOHA)
Koha item type Books
Holdings
Withdrawn status Lost status Source of classification Damaged status Not for loan Home library Current library Date acquired Total Checkouts Call number Accession number Date last seen Copy number Price effective from Koha item type
    Dewey Decimal Classification     SEACOM ENGINEERING COLLEGE SEACOM ENGINEERING COLLEGE 03/06/2006   547 M881 00878 28/12/2023 5 28/12/2023 Books
    Dewey Decimal Classification     SEACOM ENGINEERING COLLEGE SEACOM ENGINEERING COLLEGE 03/06/2006   547 M881 00879 28/12/2023 6 28/12/2023 Books
    Dewey Decimal Classification     SEACOM ENGINEERING COLLEGE SEACOM ENGINEERING COLLEGE 03/06/2006   547 M881 00880 28/12/2023 7 28/12/2023 Books
    Dewey Decimal Classification     SEACOM ENGINEERING COLLEGE SEACOM ENGINEERING COLLEGE 03/06/2006   547 M881 00881 28/12/2023 8 28/12/2023 Books
    Dewey Decimal Classification     SEACOM ENGINEERING COLLEGE SEACOM ENGINEERING COLLEGE 03/06/2006   547 M881 00882 28/12/2023 9 28/12/2023 Books
© Seacom Engineering College, All rights reserved.      Powered by Koha